Cinco Semanas em Balão (Registo nº 198716)

Detalhes MARC
000 -Etiqueta do registo
Valores 00745nam 22002173 4500
100 ## - Dados gerais de processamento
Dados gerais 20251030d u||y0pory50 ba
101 ## - Língua de publicação
Língua Português
200 ## - Titulo e menção de responsabilidade
Título próprio Cinco Semanas em Balão
Primeira menção de responsabilidade Júlio Verne
Outras menções de responsabilidade Tradução de Amarina Alberty ; Ilustração de Riou e De Montaut
210 ## - Publicação
Local de publicação Mem Martins
Nome do editor Publicações Europa-América
Data de publicação [S. I.]
215 ## - Descrição física 
Paginação / Volumes 310, [2] p. : il.
Outras indicações físicas Brochado
Dimensões 18 cm
225 ## - Colecção 
Título próprio da colecção Livros de Bolso Europa-América
Indicação de volume 223
606 ## - Nome comum usado como assunto
ID Autoridade 53
Palavra de ordem Literatura Juvenil Francesa
675 ## - CDU
Notação 821.133.1-93/VER/CIN
Edição PT
Língua por
700 ## - Autor principal (pessoa individual)
ID Autoridade 1772
Apelido Verne
Nome Júlio
Datas 1828-1905
702 ## - Autor secundário (pessoa individual)
ID Autoridade 14635
Apelido Riou
702 ## - Autor secundário (pessoa individual)
ID Autoridade 14636
Apelido De Montaut
801 ## - Fonte de origem
País PT
Agência BMMN
Regras de catalogação RPC
830 ## - Notas gerais do catalogador
Criado por Carlos Pinto
Data de criação 30-10-2025
Indexado por Carlos Pinto
990 ## - Elementos KOHA
Tipo de documento Livro
Exemplares
Situação do levantamento Biblioteca de origem Código de barras Cota Permissão de empréstimo Tipo de documento Forma de aquisição
  Biblioteca Escolar nº 2 27180 821.133.1-93/VER/CIN   Livro Oferta

Powered by Koha